Statistics for Countries with Research Stations in Antarctica

Click here to take the quiz!

General Stats

  • This quiz has been taken 844 times
  • The average score is 27 of 33

Answer Stats

Answer% Correct
United States of America
100%
United Kingdom
99%
China
98%
Russia
98%
Argentina
97%
Australia
97%
France
97%
Brazil
95%
Chile
95%
Japan
95%
Germany
94%
Norway
94%
Sweden
94%
Italy
93%
New Zealand
93%
South Africa
93%
Spain
93%
India
92%
South Korea
90%
Finland
89%
Poland
83%
Belgium
80%
Netherlands
80%
Turkey
77%
Peru
76%
Uruguay
72%
Ukraine
68%
Pakistan
65%
Romania
57%
Ecuador
53%
Czech Republic
50%
Belarus
44%
Bulgaria
44%

Score Distribution

Percentile by Number Answered

Percent of People with Each Score

Your Score History

You have not taken this quiz